000 00815nam a2200217 a 4500
001 000016577
005 20211025112953.0
008 100308s199? dr a 000 0 spa d
040 _aDO-SdBNP
_bspa
_cBNPHU
082 _axxxx
_bF475g
100 1 _aFiguereo, Andrés
_936860
245 1 0 _aGuía práctica de medicina preventiva y primeros auxilios /
_cAndrés Figuereo, Dante Sánchez del Orbe ; presentación Marco Subero ; prólogo Augusto Ml. del Castillo Felix.
260 _a[Santo Domingo] :
_bCDE,
_c199?
300 _a129 p. :
_bil. ;
_c21 cm.
504 _aBibliografía : p. 129
700 1 _aSánchez del Orbe, Dante
_936861
700 1 _aSubero, Marco
_936862
700 1 _aCastillo Felix, Augusto Ml. del,
_epról.
_936863
710 2 _aCorporación Dominicano de Electricidad
_916035
049 _aBNPD
999 _c16110
_d16110